000 00759nam a2200181Ia 4500
008 081213s9999 xx 000 0 und d
020 _a1872531652
050 _aBP187.2
_b.A92 2003
082 _a297.1226
_bALA
100 _aAl-a'zami, Muhammad Mustafa
245 _aThe history of the Qur'anic text from revelation to compilation:
_ba comparative study with the Old and New Testaments.
_cMuhammad Mustafa Al-a'zami.
260 _c2003
_aEngland.
_bUK Islamic Academy.
300 _axxii, 376p.
_bill.;
_c24cm.
500 _aIncludes bibliography and index.
650 _aQuran.
942 _cBK
_2lcc
999 _c8684
_d8684